Arados de cinceles y escarificadores /

Guardado en:
Autor Principal: Peñagaricano, Jorge A.
Formato: Libro
Publicado: Montevideo : Hemisferio Sur, 1987
Series:Colección de Manuales de extensión agropecuaria; No. 6
Materias:
Etiquetas: Agregar Etiqueta
Sin Etiquetas, Sea el primero en etiquetar este registro!
LEADER 00836nam a22002295a 4500
001 CEM.cems017510
005 20110517100007.0
008 130507s1987##################000#0#####d
003 CEMS
082 0 4 |a 631.3 
100 1 |a Peñagaricano, Jorge A. 
245 1 0 |a Arados de cinceles y escarificadores /  |c Jorge A. Peñagaricano 
260 |a Montevideo :  |b Hemisferio Sur,  |c 1987 
300 |a 119 p. 
490 0 |a Colección de Manuales de extensión agropecuaria; No. 6 
500 |a Consejos técnicos para los que se dedican a producir 
505 0 |a Arados de cinceles -- Escarificadores Suelo-laboreo Suelo-operaciones productivas 
653 |a Arados de cinceles 
653 |a Escarificadores 
653 |a Suelo-laboreo 
653 |a Suelo-operaciones productivas 
859 |a CEMS  |b BIB. CEMS - Agricultura  |h 631.3  |i P37  |p A1311.11  |t Ej.1  |v 6  |3 6